Central Library OPAC University of Rajshahi

Hazrat Ali as an Amir / (Record no. 32562)

MARC details
000 -LEADER
fixed length control field 00572nam a22002057a 4500
001 - CONTROL NUMBER
control field 32562
003 - CONTROL NUMBER IDENTIFIER
rucl marc code BD-RjUL
005 - DATE AND TIME OF LATEST TRANSACTION
control field 20211209051845.0
008 - FIXED-LENGTH DATA ELEMENTS--GENERAL INFORMATION
fixed length control field 140427s190? pk ||||| |||| 00| 0 eng d
035 ## - SYSTEM CONTROL NUMBER
System control number (BD-RjUL)32651
040 ## - CATALOGING SOURCE
Original cataloging agency BD-RjUL
Language of cataloging eng
Transcribing agency BD-RjUL
041 ## - LANGUAGE CODE
Language code of text/sound track or separate title eng
082 04 - DEWEY DECIMAL CLASSIFICATION NUMBER
Classification number 297.924
Author mark and year KHH 190 ?
100 1# - MAIN ENTRY--PERSONAL NAME
Personal name Mohammed Akbar Khan
9 (RLIN) 99048
245 1# - TITLE STATEMENT
Title Hazrat Ali as an Amir /
Statement of responsibility, etc. Khan Mohammed Akbar
260 ## - PUBLICATION, DISTRIBUTION, ETC. (IMPRINT)
Place of publication, distribution, etc. Karachi :
Date of publication, distribution, etc. 190? .
300 ## - PHYSICAL DESCRIPTION
Pagination 44 p. ;
Size 17 cm.
650 #0 - SUBJECT ADDED ENTRY--TOPICAL TERM
Topical term or geographic name as entry element ʻAlī ibn Abī Ṭālib, -- Caliph, -- 600 (ca.)-661.
9 (RLIN) 99049
942 ## - ADDED ENTRY ELEMENTS (KOHA)
Source of classification or shelving scheme Dewey Decimal Classification
Koha item type Books
Holdings
Lost status Source of classification or shelving scheme Damaged status Not for loan Collection code Permanent Location Current Location Shelving location Date acquired Source of acquisition Cost, normal purchase price Total Checkouts Full call number Date last seen Copy number Koha item type
  Dewey Decimal Classification   Not For Loan Non-fiction Central Library, University of Rajshahi Central Library, University of Rajshahi Reading Room 25/09/1967 Mitali Science 5.00   297.924 KHH 190 ? 27/04/2014 C-1 Books